00544nam a22001817a 450000500170000001000150001702000260003203500140005803700090007208200110008110000170009224500430010925000060015226000490015827000810020730000200028850000540030820260602105723.0 aENG-148696 a9789386473141c295.00 aEN-132228 bDBAD a954.11 aKoul, Bill K a22 Years A Kashmir Story/cBill K Koul a1 aNew Delhi bVitasta Publishing Pvt Ltdc2018 a2/15, Ansari Road daryaganj,bNew Delhi e110002minfo@vitastapublishing.com a210p.c21cm(pb) aOne Lak Pandit Families May Have One Lakh Stories